|
|
|
|
| LEADER |
00000nac a2200000 i 4500 |
| 003 |
Ucuenca |
| 005 |
20230308231120.0 |
| 006 |
a||||gr|||| 001 | |
| 007 |
ta |
| 008 |
210628s1964 fi gr|||| 001 | eng a |
| 040 |
|
|
|a UCuenca-cdrjbv
|b spa
|c UCuenca
|e rda
|
| 041 |
0 |
|
|a eng
|
| 082 |
0 |
|
|2 22
|a 299.7
|c 352732
|
| 100 |
1 |
|
|a Karsten, Rafael.
|e autor
|9 211459
|
| 245 |
0 |
0 |
|a Studies in the religion of the South-American Indians east of the Andes /
|c Rafael Karsten, autor. Arne Runeberg y Michael Webster, editores.
|
| 250 |
|
|
|a First edition
|
| 264 |
|
1 |
|a Helsinki:
|b Societas Scientiarum Fennica,
|c 1964.
|
| 300 |
|
|
|a 254 páginas:
|c 23 cm
|
| 336 |
|
|
|2 rdacontent
|a texto
|b txt
|
| 337 |
|
|
|2 rdamedia
|a no mediado
|b n
|
| 338 |
|
|
|2 rdacarrier
|a volumen
|b nc
|
| 490 |
|
|
|a Commentationes humanarum litterarum,
|v XXIX. 1
|
| 504 |
|
|
|a incl. bibind.
|
| 650 |
1 |
7 |
|2 UCuenca-cdrjbv
|9 1164
|a Religión
|
| 650 |
2 |
7 |
|2 UCuenca-cdrjbv
|a Mitología
|z India
|9 259108
|
| 651 |
|
|
|2 UCuenca-cdrjbv
|
| 700 |
1 |
|
|9 264534
|a Runeberg, Arne.
|e editor
|
| 700 |
1 |
|
|9 264535
|a Webster, Michael.
|e editor
|
| 942 |
|
|
|2 ddc
|c CR
|z bladimir.cabrerar@ucuenca.edu.ec
|
| 999 |
|
|
|c 159435
|d 159435
|